000 nam a22 7a 4500
999 _c1361
_d1361
005 20170509115302.0
008 170509b1985 us ||||| |||| 00| 0 eng d
020 _a0534042937
040 _aAKMAL
082 _a302.2 SAM
090 _a302.2
_bSAM
245 0 0 _aIntercultural communication :
_ba reader /
_c[edited by] Larry A. Samovar, Richard E. Porter
250 _a4th ed
260 _aBelmont, Calif. :
_bWadsworth Pub. Co.,
_cc1985
300 _a435p
_ccm
650 0 _aIntercultural communication
_92672
700 _aSamovar, Larry A
_92673
700 _aPorter, Richard E.
_92674
942 _2ddc
_cBOOK